Quick Pick: Disney Character by Movie Quiz Stats

 Plays Quiz Updated May 29, 2016

Challenge
Share
Tweet
Embed
Score 0/16 Timer 01:30
1 Play Today
% Correct
Peter Pan
94.4%
The Lion King
89.1%
Beauty and the Beast
85.5%
Pocahontas
84.4%
Sleeping Beauty
82.7%
The Princess and the Frog
82.7%
Robin Hood
81.7%
Big Hero 6
78.1%
% Correct
The Emperor's New Groove
73%
Pinocchio
64%
Brother Bear
63.5%
Cinderella
62.2%
The Great Mouse Detective
61.5%
The Sword in the Stone
61.5%
Tarzan
60.9%
The Rescuers
60.3%

Today's Daily Dose

You're not logged in!

Compare scores with friends on all Sporcle quizzes.
Join for Free
OR
Log In

You Might Also Like...

Show Comments

Extras

Top Quizzes Today


Score Distribution

Your Account Isn't Verified!

In order to create a playlist on Sporcle, you need to verify the email address you used during registration. Go to your Sporcle Settings to finish the process.

Report this User

Report this user for behavior that violates our Community Guidelines.

Details: